Tập luyện chữa trị đau lưng

Gespeichert in:
Bibliographische Detailangaben
1. Verfasser: Phạm Kim Long
Format: Buch
Sprache:Undetermined
Veröffentlicht: Huế Thuận Hóa 2000
Schlagworte:
Tags: Tag hinzufügen
Keine Tags, Fügen Sie den ersten Tag hinzu!
Thư viện lưu trữ: Trung tâm Học liệu Trường Đại học Cần Thơ
LEADER 00475nam a2200169Ia 4500
001 CTU_42684
008 210402s9999 xx 000 0 und d
082 |a 617.564 
082 |b L431 
100 |a Phạm Kim Long 
245 0 |a Tập luyện chữa trị đau lưng 
245 0 |c Phạm Kim Long 
260 |a Huế 
260 |b Thuận Hóa 
260 |c 2000 
650 |a backache - exercise therapy 
980 |a Trung tâm Học liệu Trường Đại học Cần Thơ